Wird geladen...

Wild life weed - souvenir /

Bibliographische Detailangaben
1. Verfasser: Calicut University
Format: Printed Book
Sprache:English
Veröffentlicht: Calicut: University of Calicut c1973.
LEADER 00366nam a2200109Ia 4500
008 130611s9999 xx 000 0 eng d
100 |a Calicut University 
245 |a Wild life weed - souvenir / 
260 |a Calicut:  |b University of Calicut  |c c1973. 
942 |c BK 
999 |c 127717  |d 127717 
952 |0 0  |1 0  |4 0  |7 0  |9 141098  |a ZOO  |b ZOO  |c ST1  |d 2013-06-11  |l 0  |p ZOO3924  |r 2013-06-11  |w 2013-06-11  |y BK